Education for social change : (Record no. 23271)

MARC details
000 -LEADER
fixed length control field 01033nam a22002535a 4500
005 - DATE AND TIME OF LATEST TRANSACTION
control field 20080910054018.0
008 - FIXED-LENGTH DATA ELEMENTS--GENERAL INFORMATION
fixed length control field 080806s2008 ii a b 000 0 eng
010 ## - LCCN (DPL NO)
LC control number ENG-92914
020 ## - INTERNATIONAL STANDARD BOOK NUMBER
International Standard Book Number 9788123752549
Terms of availability 100.00
035 ## - SYSTEM CONTROL NUMBER
System control number EN-76447
037 ## - SOURCE OF ACQUISITION
Source of stock number/acquisition DBAD / PUB
040 ## - CATALOGING SOURCE
Original cataloging agency dpl
Language of cataloging English
082 ## - DEWEY DECIMAL CLASSIFICATION NUMBER
Classification number 370.190954
100 ## - MAIN ENTRY--PERSONAL NAME
Personal name Mahajan, Sucheta,
245 ## - TITLE STATEMENT
Title Education for social change :
Remainder of title MVF and child labour /
Statement of responsibility, etc by Sucheta Mahajan.
260 ## - PUBLICATION, DISTRIBUTION, ETC. (IMPRINT)
Place of publication, distribution, etc New Delhi
Name of publisher, distributor, etc National Book Trust
Date of publication, distribution, etc 2008
270 ## - ADDRESS
Address A-5, Green Park,
City New Delhi
Postal code 110016
300 ## - PHYSICAL DESCRIPTION
Extent ix, 86 p. :
Other physical details col. ill.
Dimensions 23 cm (Hb)
500 ## - GENERAL NOTE
General note Includes bibliographical references
520 ## - SUMMARY, ETC.
Summary, etc On the activities of M.V. Foundation in fostering education for the children.
650 ## - SUBJECT ADDED ENTRY--TOPICAL TERM
Topical term or geographic name as entry element Education
General subdivision Social aspects
Geographic subdivision India.
942 ## - ADDED ENTRY ELEMENTS (KOHA)
Source of classification or shelving scheme Dewey Decimal Classification
Item type English Books
Call number suffix MAH
Classification part 370.190954
Holdings
Withdrawn status Lost status Source of classification or shelving scheme Damaged status Not for loan Collection code Home library Current library Date acquired Source of acquisition Cost, normal purchase price Total Checkouts Full call number Barcode Date last seen Copy number Cost, replacement price Koha item type
    Dewey Decimal Classification     Non-fiction D.B.Act.Division D.B.Act.Division 09/02/2009 DBAD / PUB 100.00   370.190954 MAH EN-76447 09/02/2009 1 100.00 English Books

© Delhi Public Library
Hit Counter
free hit counter